Detalles MARC
| 000 -LEADER |
| fixed length control field |
01792nam a2200397Ii 4500 |
| 001 - CONTROL NUMBER |
| control field |
DIGUNINOR0015 |
| 003 - CONTROL NUMBER IDENTIFIER |
| control field |
NyNyDIG |
| 006 - FIXED-LENGTH DATA ELEMENTS--ADDITIONAL MATERIAL CHARACTERISTICS |
| fixed length control field |
m o d |
| 007 - PHYSICAL DESCRIPTION FIXED FIELD--GENERAL INFORMATION |
| fixed length control field |
cr ||||||||||| |
| 008 - FIXED-LENGTH DATA ELEMENTS--GENERAL INFORMATION |
| fixed length control field |
130701s2009 ck a ob 001 0 spa d |
| 020 ## - INTERNATIONAL STANDARD BOOK NUMBER |
| Canceled/invalid ISBN |
9588252059 |
| 020 ## - INTERNATIONAL STANDARD BOOK NUMBER |
| Canceled/invalid ISBN |
9789588252056 |
| 035 ## - SYSTEM CONTROL NUMBER |
| System control number |
(OCoLC)888283430 |
| 040 ## - CATALOGING SOURCE |
| Original cataloging agency |
DGITA |
| Language of cataloging |
eng |
| Description conventions |
pn |
| Transcribing agency |
DGITA |
| 050 14 - LIBRARY OF CONGRESS CALL NUMBER |
| Classification number |
B824 eBook |
| 100 1# - MAIN ENTRY--PERSONAL NAME |
| Personal name |
Ferro Bayona, Jesús, |
| Dates associated with a name |
1943- |
| 245 13 - TITLE STATEMENT |
| Title |
El individuo en la cultura y la historia : |
| Remainder of title |
ensayos de filosofía y psicoanálisis / |
| Statement of responsibility, etc. |
Jesús Ferro Bayona. |
| 250 ## - EDITION STATEMENT |
| Edition statement |
1a reimpresión |
| 264 #1 - PRODUCTION, PUBLICATION, DISTRIBUTION, MANUFACTURE, AND COPYRIGHT NOTICE |
| Place of production, publication, distribution, manufacture |
Barranquilla, Colombia : |
| Name of producer, publisher, distributor, manufacturer |
Ediciones Uninorte, |
| Date of production, publication, distribution, manufacture, or copyright notice |
2009. |
| 300 ## - PHYSICAL DESCRIPTION |
| Extent |
1 online resource (xii, 248 pages) |
| 336 ## - CONTENT TYPE |
| Content type term |
text |
| Content type code |
txt |
| Source |
rdacontent |
| 337 ## - MEDIA TYPE |
| Media type term |
computer |
| Media type code |
c |
| Source |
rdamedia |
| 338 ## - CARRIER TYPE |
| Carrier type term |
online resource |
| Carrier type code |
cr |
| Source |
rdacarrier |
| 500 ## - GENERAL NOTE |
| General note |
"Primera edición, 2005". |
| 504 ## - BIBLIOGRAPHY, ETC. NOTE |
| Bibliography, etc. note |
Includes bibliographical references and index. |
| 505 0# - FORMATTED CONTENTS NOTE |
| Formatted contents note |
Iniciaciones Freudianas -- Entre el lenguaje y la historia -- Freud y la historia del monoteísmo -- El orden simbólico y la estructura de la ley -- Retorno a Freud: introducción a una lectura de Lacan -- Filosofía y psicología en el análisis existencia de Ludwig Binswanger -- Jean-Paul Sartre: en la encrucijada de la conciencia -- Michel Foucault: rupturas y posibilidades -- Michel Foucault: genealogía e historia -- Epílogo. |
| 650 #0 - SUBJECT ADDED ENTRY--TOPICAL TERM |
| Topical term or geographic name entry element |
Individuation (Philosophy) |
| 650 #0 - SUBJECT ADDED ENTRY--TOPICAL TERM |
| Topical term or geographic name entry element |
Identity (Philosophical concept) |
| 650 #0 - SUBJECT ADDED ENTRY--TOPICAL TERM |
| Topical term or geographic name entry element |
Psychoanalysis. |
| 655 #0 - INDEX TERM--GENRE/FORM |
| Genre/form data or focus term |
Electronic books. |
| 791 2# - |
| -- |
Digitalia (Firm), |
| -- |
distributor. |
| 793 0# - |
| -- |
Digitalia eBook Collection: |
| -- |
Ediciones Uninorte. |
| 856 40 - ELECTRONIC LOCATION AND ACCESS |
| Materials specified |
Digitalia Hispánica |
| Uniform Resource Identifier |
<a href="https://www.digitaliapublishing.com/a/17361/">https://www.digitaliapublishing.com/a/17361/</a> |
| 910 ## - USER-OPTION DATA (OCLC) |
| User-option data |
Premium Collection: 2007-2012 |
| 942 ## - ADDED ENTRY ELEMENTS (KOHA) |
| Koha item type |
Recurso Electrónico |